Cincinnati stomp

Saved in:
Bibliographic Details
Main Author: Duskin, Big Joe, 1921-2007. (Performer)
Format: Electronic
Language:English
Published: El Cerrito, CA : Arhoolie, p1995.
Series:American song
Subjects:
Tags: Add Tag
No Tags, Be the first to tag this record!
LEADER 01095cjm a22002292i 4500
001 012774366-9
005 20110518041059.0
008 960122s1995 cau||n||s|||||||||||eng|d
040 |a DLC  |c DLC  |d NOC  |d VaAlASP 
100 1 |a Duskin, Big Joe,  |d 1921-2007. 
245 1 0 |a Cincinnati stomp  |h [electronic resource] /  |c Big Joe Duskin. 
260 |a El Cerrito, CA :  |b Arhoolie,  |c p1995. 
300 |a 1 online resource. 
500 |a Brief record. 
505 0 0 |t Mean old Frisco --  |t Roll 'em Pete --  |t Stormin' in Texas --  |t Cincinnati stomp --  |t Little Red Rooster --  |t The tribute --  |t Down the road apiece --  |t Well, well baby --  |t Honky tonk train --  |t Beat me daddy, eight to the bar --  |t Tender hearted woman --  |t Stoop down baby --  |t Betty and Dupree --  |t Yancey special --  |t Slidell blues --  |t Dollar bill boogie --  |t I met a girl named Martha --  |t Boogie woogie prayer. 
650 0 |a Blues (Music)  |y 1971-1980. 
700 1 |a Duskin, Big Joe,  |d 1921-2007.  |4 prf 
776 1 |c Original publisher catalog number  |o CD-422 
776 1 |c Original  |w (NOC) 96700332 
830 0 |a American song  |5 net 
988 |a 20110518 
906 |0 DLC